000
00340cam a2200145ua 4500
041
_a
eng
_h
082
_a
822
_b
LUC/DU
100
_a
Lucas, F.L .
245
0
0
_a
Duchess of Malfi /
_c
F.L.Lucas.
_h
Textual Documents
260
_a
London :
_b
Chatto and Windus ,
_c
1958.
300
_a
221 ; .
504
_a
942
_c
BK
999
_c
827
_d
827